Εξωτερική πολιτική της Ευρωπαϊκής Ένωσης και μεταρρυθμιστική συνθήκη : ένας νέος "Προμηθέας Δεσμώτης";
Αποθηκεύτηκε σε:
| Κύριος συγγραφέας: | |
|---|---|
| Μορφή: | Βιβλίο |
| Γλώσσα: | Greek |
| Δημοσίευση: |
Αθήνα :
Παπαζήσης,
2010.
|
| Σειρά: | Διεθνής και ευρωπαϊκή πολιτική (Παπαζήσης)
|
| Θέματα: | |
| Ετικέτες: |
Προσθήκη ετικέτας
Δεν υπάρχουν, Καταχωρήστε ετικέτα πρώτοι!
|
MARC
| LEADER | 00000cam a2200000 i 4500 | ||
|---|---|---|---|
| 001 | 1/12002 | ||
| 008 | 110216s2010 gr | ||| |||| ||gre|| | ||
| 020 | |a 9789600224900 | ||
| 035 | |l 10109624 | ||
| 040 | |a GR-MY-UA |b gre |e aacr | ||
| 041 | 0 | |a gre | |
| 082 | 7 | |a 327.4 |2 (22) | |
| 100 | 1 | |a Κεντρωτής, Κυριάκος Δ., |d 1962- | |
| 245 | 1 | 0 | |a Εξωτερική πολιτική της Ευρωπαϊκής Ένωσης και μεταρρυθμιστική συνθήκη : |b ένας νέος "Προμηθέας Δεσμώτης"; / |c Κυριάκος Δ. Κεντρωτής. |
| 260 | |a Αθήνα : |b Παπαζήσης, |c 2010. | ||
| 300 | |a 281 σ. ; |c 20 εκ. | ||
| 490 | 1 | |a (Διεθνής και ευρωπαϊκή πολιτική / Παπαζήσης) | |
| 610 | 2 | 0 | |a European Union |x Foreign relations. |
| 610 | 2 | 0 | |a European Union |x Politics and government. |
| 830 | 0 | |a Διεθνής και ευρωπαϊκή πολιτική (Παπαζήσης) | |
| 852 | |a INST |b RHODES |e 20110216 |h 327.4 ΚΕΝ |p 005400032986 |q 005400032986 |t BK |y 0 | ||
| 852 | |a INST |b RHODES |c EUDOXUS |e 20120315 |h 327.4 ΚΕΝ |p 005400034161 |q 005400034161 |t EDX |y 0 | ||
| 852 | |a INST |b RHODES |c EUDOXUS |e 20130405 |h 327.4 ΚΕΝ |p 005400035082 |q 005400035082 |t EDX |y 0 | ||
| 901 | |a BIBL4-2010-2 | ||
| 901 | |a BIBL4-2012-1 | ||
| 901 | |a BIBL4-2013-1 | ||
| 909 | |a Ρ |b 163456 | ||
| 909 | |a Ρ |b 170802 | ||
| 909 | |a Ρ |b 176613 | ||
| 920 | |a ΕΥΔΟΞΟΣ |b ΕΠΙΣΤΡΟΦΗ |y Ρόδος |z 2012-03 | ||
| 920 | |a ΕΥΔΟΞΟΣ |b ΕΠΙΣΤΡΟΦΗ |y Ρόδος |z 2013-04 | ||
| 970 | |z 2011/02/16 | ||